00633nam a22002297a 4500003000500000005001700005008004100022010001000063011001000073035001000083040000900093082001600102100002500118245003300143260004000176300001900216490005100235650002100286650001900307700002600326830005100352CHAP20250130101705.0971013s1984 us a r 00010 eng d a70264 a71236 a80790 cCHAP04a636.213bB300aBaker, Frank H.eed.1 aBeef cattle science handbook aBoulder, Colorado:bWestview,c1984 a807 p.b: ilus aInternational stockmen's school handbookv; 2014aGanado de carne.14aGanado vacuno.1 aMiller, Mason E.eed.0 aInternational stockmen's school handbookv; 20